| 000 | 01904nam a2200349Ia 4500 | ||
|---|---|---|---|
| 001 | ebr10072067 | ||
| 003 | CaPaEBR | ||
| 006 | m u | ||
| 007 | cr cn||||||||| | ||
| 008 | 050321s1995 dcu sb 100 0 eng d | ||
| 040 |
_aCaPaEBR _cCaPaEBR |
||
| 035 | _a(OCoLC)58543822 | ||
| 050 | 1 | 4 |
_aHV6626.2 _b.S47 1995eb |
| 082 | 0 | 4 |
_a362.82920973 _222 |
| 245 | 0 | 0 |
_aService provider perspectives on family violence interventions _h[electronic resource] : _bproceedings of a workshop / _cCommittee on the Assessment of Family Violence Interventions, Board on Children and Families, Commission on Behavioral and Social Sciences and Education, National Research Council, Institute of Medicine. |
| 260 |
_aWashington, D.C. : _bNational Academy Press, _c1995. |
||
| 300 | _avi, 115 p. | ||
| 500 | _aCommittee chair: Patricia King. | ||
| 500 | _a"Support for this project was provided by the Carnegie Corporation of New York, the U.S. Department of Health and Human Services, and the U.S. Department of Justice." | ||
| 504 | _aIncludes bibliographical references. | ||
| 533 |
_aElectronic reproduction. _bPalo Alto, Calif. : _cebrary, _d2009. _nAvailable via World Wide Web. _nAccess may be limited to ebrary affiliated libraries. |
||
| 650 | 0 |
_aFamily violence _vCongresses. |
|
| 650 | 0 |
_aChild abuse _vCongresses. |
|
| 655 | 7 |
_aElectronic books. _2local |
|
| 700 | 1 | _aKing, Patricia. | |
| 710 | 2 |
_aNational Research Council (U.S.). _bCommittee on the Assessment of Family Violence Interventions. |
|
| 710 | 2 |
_aNational Research Council (U.S.). _bBoard on Children and Families. |
|
| 710 | 2 |
_aNational Research Council (U.S.). _bCommission on Behavioral and Social Sciences and Education. |
|
| 710 | 2 | _aInstitute of Medicine (U.S.) | |
| 710 | 2 | _aebrary, Inc. | |
| 856 | 4 | 0 |
_uhttp://site.ebrary.com/lib/rucke/Doc?id=10072067 _zAn electronic book accessible through the World Wide Web; click to view |
| 999 |
_c44481 _d44481 |
||